College Quizbowl Stats
College Quizbowl Stats
Circuits
Seasons
Sets
Records
Detailed Stats
About
Loading...
2023 BHSU Online
Tossups
Bonuses
Players
Teams
Categories (Tossup)
Categories (Bonus)
Young Fenimore Lee
What is BH! And you are asking me? BHSU
Categories
Category
Powers
Gets
Negs
BBs
Points
Earliest Buzz
Avg. Buzz
First Buzzes
Top 3 Buzzes
BPA
PVF
RC
1
1
0
1
25
28
73.00
1
1
0.00
0.00
MV
0
1
0
0
10
120
120.00
0
0
0.00
0.00
DM
0
1
0
1
10
128
128.00
0
0
0.00
0.00
AG
0
1
0
0
10
96
96.00
0
1
0.00
0.00
MB
0
0
1
0
-5
0.00
0
0
0.00
0.00
RR
0
0
1
0
-5
0.00
0
0
0.00
0.00
BB
0
0
2
0
-10
0.00
0
0
0.00
0.00
Buzzes
Category
Answer
Value
Buzz Position
RC
Midgar
15
28
BB
d'Alembertian
-5
76
RR
Lou Reed
-5
88
BB
maximum wavelength of absorption
-5
91
MB
Battle of Tsushima Strait
-5
93
AG
Octavio Paz
10
96
RC
oranges
10
118
MV
A Visit From the Goon Squad
10
120
DM
machine translation
10
128
Previous
1
Next